[Event "4NCL/Div4/OXF1 vs. PPA2"]
[Site "West Bromwich ENG"]
[Date "2004.03.28"]
[Round "6.1"]
[White "Savage, Ben D"]
[Black "Rosen, Daniel B"]
[Result "1/2-1/2"]
[WhiteElo "2208"]
[BlackElo "2145"]
[PlyCount "107"]
[EventDate "2004.03.28"]

1. e4 e6 2. d3 d5 3. Nd2 Nf6 4. g3 dxe4 5. dxe4 e5 6. Qe2 Nc6 7. c3 Bc5 8. Bg2
Ng4 9. Nh3 h5 10. Nb3 Bb6 11. f3 Nh6 12. Be3 f6 13. Nf2 Qe7 14. Nd3 Nf7 15.
Ndc5 Nd6 16. Bf1 Na5 17. Nd2 Qf7 18. b4 Nc6 19. Ndb3 a5 20. b5 Nd8 21. a4 Ne6
22. Nd3 Bxe3 23. Qxe3 h4 24. g4 Nf4 25. Nd2 Nxd3+ 26. Qxd3 Be6 27. c4 b6 28. c5
Nb7 29. cxb6 Nc5 30. Qc3 cxb6 31. Bc4 Rd8 32. O-O Rd4 33. Rfc1 O-O 34. Bxe6
Qxe6 35. Rc2 Rfd8 36. Qe3 Rd3 37. Qf2 R8d4 38. Rac1 Qd7 39. Nf1 Rd1 40. Rxd1
Rxd1 41. Rc3 Nxa4 42. Qa2+ Kh7 43. Qxa4 Qd2 44. Rc2 Qd3 45. Rf2 Rb1 46. Qa2
Qxb5 47. Qe6 a4 48. Qf5+ Kg8 49. g5 fxg5 50. Qxg5 a3 51. Qd8+ Kh7 52. Qxh4+ Kg8
53. Qd8+ Kh7 54. Qh4+ 1/2-1/2

[Event "4NCL/Div4/OXF1 vs. PPA2"]
[Site "West Bromwich ENG"]
[Date "2004.03.28"]
[Round "6.2"]
[White "Waddington, Michael P"]
[Black "Ozeren, Kemal"]
[Result "0-1"]
[WhiteElo "2156"]
[BlackElo "2226"]
[PlyCount "96"]
[EventDate "2004.03.28"]

1. Nc3 d5 2. e4 c6 3. f4 g6 4. Nf3 Bg4 5. h3 Bxf3 6. Qxf3 e6 7. exd5 cxd5 8.
Bb5+ Nc6 9. O-O Bg7 10. Bxc6+ bxc6 11. b3 Ne7 12. Ba3 O-O 13. Bc5 Qc7 14. d4
Rfe8 15. Nd1 Nf5 16. c3 Nd6 17. Nf2 Nb7 18. Nd3 Nxc5 19. Nxc5 Bf8 20. Nd3 c5
21. dxc5 Bxc5+ 22. Nxc5 Qxc5+ 23. Kh1 Rac8 24. Rac1 Rc7 25. Qf2 Rec8 26. Qxc5
Rxc5 27. Rf3 a5 28. Kg1 Kf8 29. Kf1 Ke7 30. Ke2 Kd6 31. Kd2 Rb8 32. Rcf1 Rcc8
33. Rd3 Rc5 34. Rd4 Rbc8 35. Rf3 R8c7 36. Ra4 f6 37. g4 e5 38. fxe5+ fxe5 39.
Rf6+ Ke7 40. Rf3 e4 41. Re3 Ke6 42. c4 Ke5 43. cxd5 Rxd5+ 44. Ke1 Rd4 45. Rxa5+
Kf4 46. Re2 e3 47. Rb2 Rc1+ 48. Ke2 Rh1 0-1

[Event "4NCL/Div4/OXF1 vs. PPA2"]
[Site "West Bromwich ENG"]
[Date "2004.03.28"]
[Round "6.3"]
[White "Coleman, James"]
[Black "Goodger, Martyn"]
[Result "0-1"]
[WhiteElo "2193"]
[BlackElo "2138"]
[PlyCount "62"]
[EventDate "2004.03.28"]

1. d4 f5 2. Bg5 g6 3. Nd2 Bg7 4. e4 fxe4 5. Nxe4 d5 6. Nc5 b6 7. Nb3 Nf6 8. Nf3
O-O 9. Be2 Qd6 10. Bh4 Ne4 11. O-O Nd7 12. Nfd2 Nxd2 13. Qxd2 Nf6 14. Bg3 Qd7
15. Bf3 Bb7 16. Rfe1 Ne4 17. Bxe4 dxe4 18. Qe2 e6 19. c3 Bh6 20. Rad1 Qa4 21.
Ra1 Rf7 22. h4 Qc6 23. h5 Raf8 24. hxg6 hxg6 25. Rf1 e3 26. f3 Qd5 27. Be5 Qd8
28. Nc1 Rh7 29. f4 Qh4 30. Qxe3 Bxf4 31. Qh3 Be3+ 0-1

[Event "4NCL/Div4/OXF1 vs. PPA2"]
[Site "West Bromwich ENG"]
[Date "2004.03.28"]
[Round "6.4"]
[White "Young, Craig A"]
[Black "Smallbone, Kieran"]
[Result "1/2-1/2"]
[WhiteElo "2109"]
[BlackElo "2147"]
[PlyCount "59"]
[EventDate "2004.03.28"]

1. d4 d5 2. Nf3 Nf6 3. c4 c6 4. e3 a6 5. a4 Bf5 6. Nc3 e6 7. Nh4 Bg4 8. Qb3 Ra7
9. h3 Bh5 10. g4 Bg6 11. Bg2 Nbd7 12. Nxg6 hxg6 13. cxd5 exd5 14. a5 Bd6 15.
Bd2 Qe7 16. Rc1 Ne4 17. Nxe4 dxe4 18. Rc4 O-O 19. O-O Nf6 20. Qc2 Re8 21. f3
exf3 22. Bxf3 Ne4 23. Bxe4 Qxe4 24. Qxe4 Rxe4 25. Kf2 Ra8 26. Bb4 Bc7 27. Rc3
Rae8 28. Rb3 Bd8 29. Bd2 Bg5 30. Kf3 1/2-1/2

[Event "4NCL/Div4/OXF1 vs. PPA2"]
[Site "West Bromwich ENG"]
[Date "2004.03.28"]
[Round "6.5"]
[White "O'Reilly, Gerard"]
[Black "Winfridsson, Ola"]
[Result "1/2-1/2"]
[WhiteElo "2112"]
[BlackElo "2057"]
[PlyCount "84"]
[EventDate "2004.03.28"]

1. Nf3 e6 2. c4 Nf6 3. g3 a6 4. Nc3 Bb4 5. Bg2 O-O 6. O-O d5 7. cxd5 exd5 8. d4
c6 9. Bg5 Be7 10. Rc1 Ne4 11. Bxe7 Qxe7 12. Ne5 Nd7 13. Nd3 Ndf6 14. Re1 Bf5
15. e3 Rfe8 16. f3 Nxc3 17. Rxc3 Bxd3 18. Qxd3 Qd7 19. Rc2 Rad8 20. b4 Qd6 21.
Qc3 Re7 22. a3 Ne8 23. Qd3 g6 24. g4 Qf6 25. Rd2 Qg5 26. h3 Nd6 27. e4 dxe4 28.
fxe4 Nb5 29. d5 cxd5 30. Red1 d4 31. Rc2 Red7 32. Re1 Qh4 33. Rf2 Rc8 34. e5
Rc3 35. Qe4 Qe7 36. a4 Na3 37. Rd1 Re3 38. Qf4 Qxe5 39. Qxe5 Rxe5 40. Rfd2 b5
41. a5 d3 42. Rxd3 Rxd3 1/2-1/2

[Event "4NCL/Div4/OXF1 vs. PPA2"]
[Site "West Bromwich ENG"]
[Date "2004.03.28"]
[Round "6.6"]
[White "Retallick, Lloyd"]
[Black "Gunlycke, Daniel"]
[Result "1/2-1/2"]
[WhiteElo "1952"]
[BlackElo "1976"]
[PlyCount "95"]
[EventDate "2004.03.28"]

1. d4 Nf6 2. c4 c5 3. d5 e6 4. Nc3 exd5 5. cxd5 d6 6. e4 g6 7. Nf3 Bg7 8. h3
O-O 9. Bd3 b5 10. Nxb5 Re8 11. O-O Nxe4 12. Re1 a6 13. Nc7 Qxc7 14. Rxe4 Rxe4
15. Bxe4 Nd7 16. Qe2 Bb7 17. Bd3 Nf6 18. Bc4 Nxd5 19. Bxd5 Bxd5 20. Bf4 Qc6 21.
Rd1 Bxf3 22. Qxf3 Qxf3 23. gxf3 Bxb2 24. Rxd6 Rc8 25. Rxa6 c4 26. a4 c3 27. Rb6
Ba3 28. Rb3 Bc5 29. Kf1 Bd4 30. Rb8 Rxb8 31. Bxb8 Bb6 32. Ke2 Kf8 33. Kd3 Ke7
34. Kxc3 Bxf2 35. Kc4 Kd7 36. Kd5 Be1 37. Be5 f5 38. Bd4 Ba5 39. Bc5 Bc7 40.
Bb4 Bf4 41. Bc3 g5 42. a5 h5 43. a6 Kc7 44. Be5+ Bxe5 45. Kxe5 g4 46. Kf4 Kb6
47. fxg4 fxg4 48. hxg4 1/2-1/2

[Event "4NCL/Div4/SLO3 vs. BRJ"]
[Site "West Bromwich ENG"]
[Date "2004.03.28"]
[Round "6.1"]
[White "de Coverly, Roger"]
[Black "Richmond, Peter A"]
[Result "0-1"]
[WhiteElo "2093"]
[BlackElo "2251"]
[PlyCount "70"]
[EventDate "2004.03.28"]

1. Nf3 d5 2. g3 g6 3. Bg2 Bg7 4. d4 c6 5. O-O Nd7 6. Nbd2 Ngf6 7. b3 O-O 8. Bb2
Re8 9. c4 dxc4 10. Nxc4 Ne4 11. Rc1 Nd6 12. Re1 Nxc4 13. Rxc4 Qa5 14. Qa1 Qh5
15. Ne5 Nxe5 16. dxe5 g5 17. Rc5 Be6 18. b4 a6 19. a4 Red8 20. Qc1 Rac8 21. Qe3
Qg4 22. Be4 h6 23. Bc3 Bd5 24. Bf3 Qe6 25. Ba1 Bxf3 26. exf3 Rd5 27. f4 gxf4
28. Qxf4 Rcd8 29. Rxd5 Rxd5 30. Bc3 Qg6 31. Qe4 e6 32. Kg2 Rd3 33. Qc4 Qf5 34.
f4 Bf8 35. Re4 Rxc3 0-1

[Event "4NCL/Div4/SLO3 vs. BRJ"]
[Site "West Bromwich ENG"]
[Date "2004.03.28"]
[Round "6.2"]
[White "Headlong, Timothy"]
[Black "Payne, Nick"]
[Result "1/2-1/2"]
[WhiteElo "2196"]
[BlackElo "2088"]
[PlyCount "84"]
[EventDate "2004.03.28"]

1. Nf3 Nf6 2. c4 g6 3. Nc3 d5 4. cxd5 Nxd5 5. Qa4+ Bd7 6. Qh4 Nxc3 7. dxc3 Nc6
8. Qg3 Bg7 9. Bf4 Rc8 10. e4 O-O 11. Be2 e5 12. Bg5 Qe8 13. Nd2 f5 14. exf5
Bxf5 15. Qe3 Bf6 16. Bc4+ Be6 17. Bxe6+ Qxe6 18. Bxf6 Qxf6 19. O-O Qf4 20. Rae1
Qxe3 21. Rxe3 Rcd8 22. Nf3 Rd5 23. Rfe1 Re8 24. g3 h6 25. Nh4 Rd2 26. R3e2 Rxe2
27. Rxe2 Kf7 28. Kf1 Re6 29. Rd2 Rd6 30. Ke2 Kf6 31. h3 e4 32. b3 Rxd2+ 33.
Kxd2 g5 34. Ng2 Ke5 35. Ne3 h5 36. Nc4+ Kd5 37. Ke3 Ne7 38. g4 hxg4 39. hxg4
Ng6 40. Nd2 Nf4 41. Nxe4 Ng2+ 42. Kf3 Nh4+ 1/2-1/2

[Event "4NCL/Div4/SLO3 vs. BRJ"]
[Site "West Bromwich ENG"]
[Date "2004.03.28"]
[Round "6.3"]
[White "McGowan, Daniel"]
[Black "Bareham, David"]
[Result "1/2-1/2"]
[WhiteElo "2053"]
[BlackElo "2104"]
[PlyCount "29"]
[EventDate "2004.03.28"]

1. e4 c5 2. c3 d5 3. exd5 Qxd5 4. d4 Nc6 5. Nf3 Bg4 6. Be2 e6 7. O-O Nf6 8. Be3
cxd4 9. Nxd4 Bxe2 10. Qxe2 Nxd4 11. Bxd4 Be7 12. Rd1 Qc6 13. Nd2 O-O 14. Bxf6
Bxf6 15. Ne4 1/2-1/2

[Event "4NCL/Div4/SLO3 vs. BRJ"]
[Site "West Bromwich ENG"]
[Date "2004.03.28"]
[Round "6.4"]
[White "Bourne, Johnathan"]
[Black "Payne, Oliver R"]
[Result "1/2-1/2"]
[WhiteElo "2032"]
[BlackElo "2033"]
[PlyCount "33"]
[EventDate "2004.03.28"]

1. e4 e6 2. d4 d5 3. Nd2 Nf6 4. e5 Nfd7 5. Bd3 c5 6. c3 Nc6 7. Ngf3 Qb6 8. O-O
cxd4 9. cxd4 Nxd4 10. Nxd4 Qxd4 11. Nf3 Qb6 12. Qa4 Qb4 13. Qc2 Nc5 14. Bd2 Qb6
15. Be3 Qb4 16. Bd2 Qb6 17. Be3 1/2-1/2

[Event "4NCL/Div4/SLO3 vs. BRJ"]
[Site "West Bromwich ENG"]
[Date "2004.03.28"]
[Round "6.5"]
[White "Cox, Tristan"]
[Black "Tomboline, David"]
[Result "1/2-1/2"]
[WhiteElo "2064"]
[BlackElo "1792"]
[PlyCount "148"]
[EventDate "2004.03.28"]

1. b4 d5 2. Bb2 Bf5 3. Nf3 e6 4. e3 Nf6 5. b5 Bg4 6. Be2 Bxf3 7. Bxf3 c6 8. a4
a6 9. Na3 Be7 10. O-O O-O 11. c4 Nbd7 12. d3 axb5 13. axb5 Qb6 14. cxd5 cxd5
15. e4 d4 16. Nc4 Qxb5 17. Bxd4 Rxa1 18. Qxa1 Bc5 19. Bc3 Rb8 20. Rb1 Qa6 21.
Qxa6 bxa6 22. Rxb8+ Nxb8 23. d4 Ba7 24. Kf1 Kf8 25. Ke2 Ke7 26. Kd3 Ne8 27. Bd1
Nc7 28. Bb4+ Kd8 29. Nd6 f6 30. Ba4 Nd7 31. f3 Nb6 32. Bb3 Nc8 33. Nb7+ Kd7 34.
g4 Ne7 35. h4 h6 36. h5 Nc6 37. Bf8 Nxd4 38. Ba4+ Ncb5 39. f4 e5 40. fxe5 Ne6
41. exf6 gxf6 42. Bxh6 Ke7 43. Kc4 Nd6+ 44. Nxd6 Kxd6 45. Bg7 Ke7 46. Kd5 Kf7
47. Bh6 Bb8 48. Bd2 Nf4+ 49. Kc6 Nd3 50. Bd1 Nf2 51. Bf3 Nh3 52. Be2 Nf2 53.
Bf3 Nh3 54. Kb7 Be5 55. Kxa6 Ng5 56. Bg2 Ke6 57. Kb5 Bd4 58. Bf4 Be5 59. Be3
Bb2 60. Kc4 Ke5 61. Kd3 Ba1 62. Bc1 Bd4 63. Ba3 Ba1 64. Bc1 Bd4 65. h6 Ba1 66.
Bd2 Ke6 67. Be3 Kf7 68. Bc5 Kg6 69. Bf8 Ne6 70. Bd6 Kxh6 71. Kc4 Kg5 72. Bf3
Nf4 73. Kc5 Bb2 74. Kc6 Ng6 1/2-1/2

[Event "4NCL/Div4/SLO3 vs. BRJ"]
[Site "West Bromwich ENG"]
[Date "2004.03.28"]
[Round "6.6"]
[White "Tanner, Gary"]
[Black "Coddington, Oliver"]
[Result "0-1"]
[WhiteElo "1640"]
[BlackElo "1897"]
[PlyCount "88"]
[EventDate "2004.03.28"]

1. e4 d6 2. d4 Nf6 3. Nc3 c6 4. f4 Qa5 5. Bd3 e5 6. Nf3 Bg4 7. Be3 Nbd7 8. O-O
Be7 9. Qe1 Bxf3 10. Rxf3 Ng4 11. d5 Nxe3 12. Qxe3 exf4 13. Qe1 g5 14. b4 Qb6+
15. Kh1 Ne5 16. Rf1 Bf6 17. Rb1 Ng4 18. dxc6 bxc6 19. b5 c5 20. Nd5 Qd8 21.
Nxf6+ Qxf6 22. Qa5 O-O 23. Rbe1 Qh6 24. h3 Ne5 25. Qd2 Rab8 26. c4 a6 27. Be2
axb5 28. cxb5 c4 29. a4 Rfc8 30. Rd1 Rb6 31. Qd5 Qe6 32. a5 Rbb8 33. Qxe6 fxe6
34. Rxd6 Rxb5 35. a6 Kf7 36. Ra1 Ra8 37. a7 Rb7 38. Rda6 Rb2 39. Bh5+ Ke7 40.
Kg1 c3 41. R1a5 c2 42. Rxe5 c1=Q+ 43. Kh2 Rxg2+ 44. Kxg2 Qb2+ 0-1

[Event "4NCL/Div4/MET vs. HKF2"]
[Site "West Bromwich ENG"]
[Date "2004.03.28"]
[Round "6.1"]
[White "Noden, Nicolas"]
[Black "Dupré, Paul D"]
[Result "1-0"]
[WhiteElo "2176"]
[BlackElo "2053"]
[PlyCount "85"]
[EventDate "2004.03.28"]

1. c4 Nf6 2. g3 g6 3. Bg2 Bg7 4. Nc3 O-O 5. d3 Re8 6. Nf3 c6 7. O-O d5 8. cxd5
cxd5 9. Bg5 Nc6 10. Qb3 h6 11. Bxf6 exf6 12. d4 Na5 13. Qd1 Bg4 14. h3 Be6 15.
Ne1 Qd7 16. Kh2 Rac8 17. Nd3 b6 18. Rc1 h5 19. Nf4 Bh6 20. Nfxd5 Kg7 21. e3 b5
22. Qf3 f5 23. b3 h4 24. Nf4 hxg3+ 25. fxg3 Bxb3 26. axb3 Nxb3 27. Rc2 b4 28.
Rb1 Rxc3 29. Rxc3 bxc3 30. Rxb3 c2 31. Ne2 Rc8 32. Nc1 Qa4 33. Qe2 Qa1 34. Qd2
a5 35. Bd5 a4 36. Rb7 Rc3 37. Rxf7+ Kh8 38. Re7 a3 39. Re8+ Kg7 40. Re7+ Kh8
41. Ba2 Qb2 42. d5 Rd3 43. Qxd3 1-0

[Event "4NCL/Div4/MET vs. HKF2"]
[Site "West Bromwich ENG"]
[Date "2004.03.28"]
[Round "6.2"]
[White "Giles, Ben"]
[Black "Calvert, D Ian"]
[Result "1-0"]
[WhiteElo "2040"]
[BlackElo "2035"]
[PlyCount "95"]
[EventDate "2004.03.28"]

1. d4 d5 2. c4 c6 3. cxd5 cxd5 4. Nc3 Nf6 5. Bf4 Nc6 6. e3 Bf5 7. Nf3 e6 8. a3
Be7 9. Bd3 Bxd3 10. Qxd3 O-O 11. O-O Nh5 12. Ne2 g5 13. Bg3 f5 14. Be5 g4 15.
Nd2 Nxe5 16. dxe5 f4 17. Nd4 Qb6 18. Qe2 f3 19. gxf3 gxf3 20. N2xf3 Kh8 21. Kh1
Ng7 22. Rg1 Nf5 23. b4 Rf7 24. Nxf5 Rxf5 25. Nd4 Rxe5 26. Qg4 Bf6 27. Qf4 Rf8
28. Qh6 Qd8 29. Rac1 Rf7 30. Rg6 Bg7 31. Rxg7 Rxg7 32. Nxe6 Rxe6 33. Qxe6 Rg6
34. Rc8 Rxe6 35. Rxd8+ Kg7 36. Rxd5 Kg6 37. Kg2 a6 38. Kf3 b5 39. e4 h5 40. h4
Rc6 41. Rc5 Rd6 42. Kf4 Rd2 43. f3 Rd6 44. Rc3 Rf6+ 45. Ke5 Rf8 46. Rc6+ Kg7
47. f4 Ra8 48. Rb6 1-0

[Event "4NCL/Div4/MET vs. HKF2"]
[Site "West Bromwich ENG"]
[Date "2004.03.28"]
[Round "6.3"]
[White "Djabri, Zafer M"]
[Black "Forman, Karl L"]
[Result "1/2-1/2"]
[WhiteElo "2036"]
[BlackElo "2028"]
[PlyCount "91"]
[EventDate "2004.03.28"]

1. c4 e5 2. Nc3 Nf6 3. Nf3 Nc6 4. e3 Bb4 5. Qc2 O-O 6. Nd5 h6 7. Qf5 d6 8.
Nxf6+ Qxf6 9. Qxf6 gxf6 10. a3 Ba5 11. b4 Bb6 12. Bb2 a5 13. b5 Ne7 14. d4 a4
15. Bc3 c5 16. bxc6 Nxc6 17. Be2 Na5 18. O-O Nb3 19. Rab1 Bf5 20. Rb2 Rac8 21.
c5 dxc5 22. dxe5 c4 23. Nd4 Bd3 24. Bxd3 cxd3 25. Nxb3 Rxc3 26. Nd2 Bc5 27. Ne4
Bxa3 28. Nxf6+ Kg7 29. Rxb7 Rd8 30. Ne4 Rb3 31. Ra7 d2 32. Nxd2 Rxd2 33. Rxa4
Bb2 34. Rg4+ Kf8 35. Rh4 Kg7 36. Rg4+ Kf8 37. Rh4 Bxe5 38. Rxh6 Kg7 39. Rh5 f6
40. Rh4 Rbb2 41. Rc4 Kg6 42. Rcc1 Kh5 43. Rcd1 Re2 44. Rde1 f5 45. Rxe2 Rxe2
46. g3 1/2-1/2

[Event "4NCL/Div4/MET vs. HKF2"]
[Site "West Bromwich ENG"]
[Date "2004.03.28"]
[Round "6.4"]
[White "James, Stephen B"]
[Black "Dunn, Alan"]
[Result "0-1"]
[WhiteElo "1880"]
[BlackElo "2111"]
[PlyCount "80"]
[EventDate "2004.03.28"]

1. e4 c5 2. Nf3 d6 3. d4 cxd4 4. Nxd4 Nf6 5. Nc3 a6 6. Be3 Ng4 7. Bg5 h6 8. Bh4
g5 9. Bg3 Bg7 10. Qd2 Nc6 11. Nb3 Nge5 12. f3 b5 13. Bf2 Rb8 14. Nd4 b4 15. Na4
Qa5 16. b3 Bd7 17. Nb2 d5 18. exd5 Qxd5 19. O-O-O Nxd4 20. Bxd4 Bf5 21. Kb1 O-O
22. Nc4 Rbd8 23. Ne3 Qe6 24. Nxf5 Qxf5 25. Qe1 Nxf3 26. gxf3 Bxd4 27. Bd3 Qc5
28. Qe4 Rfe8 29. Qh7+ Kf8 30. Bc4 Bg7 31. Qe4 e6 32. h4 Qe7 33. hxg5 hxg5 34.
Rc1 Qf6 35. c3 bxc3 36. Rc2 Rd2 37. Bxa6 Rxc2 38. Kxc2 Rd8 39. Bd3 Qe7 40. a4
Qa3 0-1

[Event "4NCL/Div4/MET vs. HKF2"]
[Site "West Bromwich ENG"]
[Date "2004.03.28"]
[Round "6.5"]
[White "Dickson, George"]
[Black "Odunaiya, Victor"]
[Result "1/2-1/2"]
[WhiteElo "1928"]
[BlackElo "1848"]
[PlyCount "76"]
[EventDate "2004.03.28"]

1. d4 Nf6 2. Nf3 g6 3. Bf4 Bg7 4. e3 d6 5. h3 O-O 6. Be2 Nbd7 7. O-O c6 8. c4
c5 9. Nc3 a6 10. Rc1 Re8 11. Bh2 b6 12. e4 cxd4 13. Nxd4 Bb7 14. f3 e5 15. Nb3
Nf8 16. Nd5 Bxd5 17. cxd5 b5 18. Rc6 Bh6 19. g4 Be3+ 20. Kg2 g5 21. Bg1 Bxg1
22. Rxg1 Ng6 23. Qd2 Nf4+ 24. Kh2 Re7 25. Nc1 Ne8 26. Nd3 Rd7 27. Nxf4 gxf4 28.
Rgc1 Nf6 29. Qe1 Ne8 30. Qf2 Rb7 31. g5 f6 32. gxf6 Qxf6 33. Rg1+ Rg7 34. Rxg7+
Qxg7 35. Qh4 Kf8 36. Rc1 Qe7 37. Qg4 Qg7 38. Qh4 Qe7 1/2-1/2

[Event "4NCL/Div4/MET vs. HKF2"]
[Site "West Bromwich ENG"]
[Date "2004.03.28"]
[Round "6.6"]
[White "Truslove, Arthur D"]
[Black "McGuiness, Andrew E"]
[Result "0-1"]
[WhiteElo "1768"]
[BlackElo "1776"]
[PlyCount "52"]
[EventDate "2004.03.28"]

1. d4 c5 2. d5 b5 3. c4 g6 4. cxb5 Bg7 5. e4 d6 6. Nc3 Nd7 7. f4 Qa5 8. Qb3 a6
9. Bd2 Ngf6 10. Nf3 O-O 11. e5 dxe5 12. fxe5 Ng4 13. Ne4 Qb6 14. e6 fxe6 15. d6
Ndf6 16. dxe7 Re8 17. Nxf6+ Bxf6 18. h3 c4 19. Qxc4 Qf2+ 20. Kd1 Ne3+ 21. Bxe3
Qxe3 22. Qc6 Rxe7 23. Be2 Bb7 24. Qc4 Rd7+ 25. Ke1 Bxf3 26. gxf3 Rd4 0-1

[Event "4NCL/Div4/CAMB vs. NOTT"]
[Site "West Bromwich ENG"]
[Date "2004.03.28"]
[Round "6.1"]
[White "Alfred, Nathan S W"]
[Black "Barnes, Michael H"]
[Result "1/2-1/2"]
[WhiteElo "2356"]
[BlackElo "2262"]
[PlyCount "65"]
[EventDate "2004.03.28"]

1. d4 d5 2. c4 c6 3. Nf3 e6 4. Nc3 dxc4 5. e3 b5 6. a4 Bb4 7. Bd2 a5 8. axb5
Bxc3 9. Bxc3 cxb5 10. b3 Bb7 11. bxc4 b4 12. Bb2 Nf6 13. Bd3 O-O 14. O-O Nbd7
15. Qc2 Qc7 16. e4 e5 17. d5 Rfe8 18. c5 Qxc5 19. Qd2 Qb6 20. Rac1 Rac8 21. Qg5
h6 22. Qg3 Nc5 23. Rxc5 Rxc5 24. Nxe5 Qc7 25. f4 Rc3 26. Bxc3 Qxc3 27. Qf2 Ng4
28. Qb6 Bc8 29. Bb5 Rf8 30. Nxg4 Bxg4 31. h3 Bxh3 32. gxh3 Qg3+ 33. Kh1 1/2-1/2

[Event "4NCL/Div4/CAMB vs. NOTT"]
[Site "West Bromwich ENG"]
[Date "2004.03.28"]
[Round "6.2"]
[White "Mercs, Peter J"]
[Black "Moskovic, David M"]
[Result "0-1"]
[WhiteElo "2121"]
[BlackElo "2274"]
[PlyCount "88"]
[EventDate "2004.03.28"]

1. e4 c5 2. Nf3 e6 3. d4 cxd4 4. Nxd4 Qb6 5. Nb3 Qc7 6. Bd3 Nf6 7. Qe2 d6 8.
Nc3 Nbd7 9. f4 a6 10. O-O b5 11. a3 Bb7 12. Bd2 e5 13. f5 h6 14. Kh1 Nc5 15.
Rae1 Be7 16. Rf3 O-O 17. Rg3 Kh8 18. Rf1 Rfe8 19. Qe1 Bf8 20. Rh3 Ncd7 21. Qh4
Nh7 22. g4 f6 23. g5 fxg5 24. Bxg5 Nxg5 25. Qxg5 Nf6 26. Rg1 Qf7 27. Na5 Bc8
28. Nc6 d5 29. exd5 Nxd5 30. Be4 Nxc3 31. bxc3 Bb7 32. f6 Qxf6 33. Qxf6 gxf6
34. Rhg3 Bc5 35. R1g2 Rg8 36. Rxg8+ Rxg8 37. Rxg8+ Kxg8 38. Ne7+ Bxe7 39. Bxb7
a5 40. Bc6 Bxa3 41. Bxb5 Kf7 42. Kg2 f5 43. h3 Ke6 44. Bc4+ Kf6 0-1

[Event "4NCL/Div4/CAMB vs. NOTT"]
[Site "West Bromwich ENG"]
[Date "2004.03.28"]
[Round "6.3"]
[White "Mutton, Jonathan B"]
[Black "Webster, Richard J"]
[Result "1-0"]
[WhiteElo "2186"]
[BlackElo "2031"]
[PlyCount "103"]
[EventDate "2004.03.28"]

1. e4 e6 2. Qe2 c5 3. Nf3 Nc6 4. g3 Be7 5. Bg2 d5 6. d3 Nf6 7. O-O O-O 8. Re1
d4 9. e5 Nd7 10. Nbd2 Re8 11. h4 Nf8 12. Nf1 f6 13. exf6 gxf6 14. g4 e5 15. Qe4
Be6 16. Ng3 Qd7 17. g5 Bg4 18. gxf6 Bxf6 19. Ng5 Ng6 20. Qd5+ Qxd5 21. Bxd5+
Kg7 22. f3 Bxg5 23. fxg4 Bxc1 24. Nf5+ Kf6 25. Raxc1 Nce7 26. Bxb7 Rab8 27. Nd6
Rg8 28. Rf1+ Ke6 29. Ne4 Nf4 30. g5 Ne2+ 31. Kh2 Nxc1 32. Rxc1 Rbf8 33. Nxc5+
Kd6 34. b4 Kc7 35. Be4 Kd6 36. Bxh7 Rh8 37. g6 Nxg6 38. Bxg6 Rfg8 39. Ne4+ Ke7
40. Bf5 Rxh4+ 41. Bh3 Rg6 42. Rf1 Rgh6 43. Rf3 Rc6 44. Rf5 Rxc2+ 45. Kg3 Rh8
46. Rxe5+ Kd8 47. Ra5 Re2 48. Bg4 Re3+ 49. Kf4 Rxd3 50. Rxa7 Rh4 51. Nd6 Rxg4+
52. Kxg4 1-0

[Event "4NCL/Div4/CAMB vs. NOTT"]
[Site "West Bromwich ENG"]
[Date "2004.03.28"]
[Round "6.4"]
[White "Truman, Richard G"]
[Black "Pickard, Charles"]
[Result "0-1"]
[WhiteElo "1938"]
[BlackElo "2080"]
[PlyCount "78"]
[EventDate "2004.03.28"]

1. d4 Nf6 2. c4 g6 3. Nc3 Bg7 4. e4 d6 5. f3 c6 6. Be3 a6 7. Bd3 Nbd7 8. Nge2
O-O 9. O-O b5 10. a3 bxc4 11. Bxc4 d5 12. Ba2 dxe4 13. fxe4 Ng4 14. Qd2 Nxe3
15. Qxe3 Qb6 16. Qf2 e6 17. b4 a5 18. Rab1 Ba6 19. Rfd1 Bxe2 20. Nxe2 axb4 21.
Rxb4 Qa6 22. a4 c5 23. dxc5 Nxc5 24. Qe3 Nxa4 25. Bc4 Qa5 26. Rdb1 Qc5 27. Qxc5
Nxc5 28. Ng3 Rfd8 29. Bb5 Ra1 30. Kf1 Rxb1+ 31. Rxb1 Be5 32. Bc6 Kg7 33. Rb5
Bxg3 34. hxg3 Nd3 35. Ke2 Rd6 36. Be8 Kf6 37. Rb7 Ne5 38. Ke3 h6 39. Kf4 Rd3
0-1

[Event "4NCL/Div4/CAMB vs. NOTT"]
[Site "West Bromwich ENG"]
[Date "2004.03.28"]
[Round "6.5"]
[White "Webster, Peter"]
[Black "Thompson, Brian"]
[Result "1/2-1/2"]
[WhiteElo "1800"]
[BlackElo "1856"]
[PlyCount "104"]
[EventDate "2004.03.28"]

1. e4 c5 2. c3 Nf6 3. e5 Nd5 4. d4 e6 5. Nf3 Nc6 6. c4 Nb6 7. d5 Nd4 8. Nxd4
cxd4 9. Qxd4 exd5 10. cxd5 Qc7 11. Nc3 Qc5 12. Be3 Qxd4 13. Bxd4 Bb4 14. O-O-O
O-O 15. a3 Bxc3 16. Bxc3 Na4 17. Bd4 b6 18. Bb5 Nc5 19. Bxc5 bxc5 20. Rhe1 Rb8
21. Ba4 Rd8 22. Re3 Ba6 23. f4 Bb5 24. Bxb5 Rxb5 25. f5 Rb6 26. Kc2 Rdb8 27. b3
Ra6 28. e6 fxe6 29. dxe6 d6 30. g4 Rxa3 31. Rxd6 c4 32. e7 Re8 33. Rd7 Kf7 34.
g5 cxb3+ 35. Kb2 Ra5 36. g6+ hxg6 37. fxg6+ Kxg6 38. Rf3 Re5 39. Rxa7 R8xe7 40.
Rxe7 Rxe7 41. Kxb3 Kg5 42. Kc3 Kg4 43. Rg3+ Kf4 44. Rg6 Kf5 45. Rg2 g5 46. Kd3
Kf4 47. Rf2+ Kg4 48. Rg2+ Kh4 49. Re2 Rxe2 50. Kxe2 Kh3 51. Kf3 g4+ 52. Kf4 Kh4
1/2-1/2

[Event "4NCL/Div4/CAMB vs. NOTT"]
[Site "West Bromwich ENG"]
[Date "2004.03.28"]
[Round "6.6"]
[White "Burke, Steven J"]
[Black "Spencer, Carl"]
[Result "1-0"]
[WhiteElo "1824"]
[BlackElo "1880"]
[PlyCount "80"]
[EventDate "2004.03.28"]

1. Nf3 Nf6 2. b4 e6 3. a3 d5 4. Bb2 Bd6 5. e3 Nbd7 6. c4 c6 7. cxd5 exd5 8. Be2
O-O 9. O-O a5 10. b5 c5 11. Nc3 Qe7 12. Qb3 Nb6 13. a4 Bf5 14. g3 h5 15. Nh4
Bh7 16. Qd1 Rfe8 17. Bxh5 Nc4 18. Bc1 d4 19. Nb1 Rad8 20. Be2 d3 21. Bf3 g5 22.
Ng2 Ne5 23. Ne1 g4 24. Bg2 Kg7 25. f4 gxf3 26. Nxf3 Rg8 27. Bb2 Kf8 28. Nxe5
Bxe5 29. Bxe5 Qxe5 30. Nc3 Ng4 31. Qf3 Rd7 32. Qf4 Qxf4 33. Rxf4 Ne5 34. Bh3
Rd8 35. Raf1 Ke7 36. Bf5 Bxf5 37. Rxf5 Rg7 38. Rxe5+ Kd6 39. Rd5+ Kc7 40. Rxd8
Kxd8 1-0

[Event "4NCL/Div4/SXM vs. OXF2"]
[Site "West Bromwich ENG"]
[Date "2004.03.28"]
[Round "6.1"]
[White "Fryer, David"]
[Black "Starkie, Ray"]
[Result "1/2-1/2"]
[WhiteElo "2078"]
[BlackElo "1976"]
[PlyCount "74"]
[EventDate "2004.03.28"]

1. e4 Nc6 2. Nc3 Nf6 3. d3 d5 4. exd5 Nxd5 5. Nge2 Bg4 6. f3 Bf5 7. Nxd5 Qxd5
8. Nc3 Qd4 9. Qe2 Qb4 10. a3 Qb6 11. Kd1 O-O-O 12. b4 Qd4 13. Bb2 e6 14. Kc1
Qf4+ 15. Kb1 Be7 16. g3 Qh6 17. Qf2 Bf6 18. Ne4 Bxb2 19. Kxb2 g5 20. b5 Nd4 21.
a4 g4 22. c3 Nxf3 23. Qxa7 Bxe4 24. dxe4 Rd2+ 25. Kb3 Nd4+ 26. Kc4 Nc2 27. Qa8+
Kd7 28. Qxh8 Nxa1 29. Bd3 Nb3 30. Kxb3 Rxd3 31. Rf1 Ke7 32. Qe5 Rd7 33. Rf2 Qc1
34. Qf6+ Ke8 35. Qh8+ Ke7 36. Qf6+ Ke8 37. Qh8+ Ke7 1/2-1/2

[Event "4NCL/Div4/SXM vs. OXF2"]
[Site "West Bromwich ENG"]
[Date "2004.03.28"]
[Round "6.2"]
[White "Bruce, Dave"]
[Black "Prescott, Adam"]
[Result "1-0"]
[WhiteElo "1920"]
[BlackElo "1712"]
[PlyCount "41"]
[EventDate "2004.03.28"]

1. e4 d6 2. d4 Nf6 3. Nc3 g6 4. f4 Bg7 5. Nf3 O-O 6. Bd3 c6 7. O-O b5 8. a3 Bg4
9. Qe1 Bxf3 10. Rxf3 Qb6 11. Qh4 e5 12. fxe5 Qxd4+ 13. Kh1 Qxe5 14. Bg5 Nfd7
15. Raf1 f6 16. Bf4 Qe7 17. Rh3 Kf7 18. e5 dxe5 19. Qxh7 f5 20. Rg3 Qe6 21. Bh6
1-0